000 00199 a2200097 4500
001 9723
090 _c7718
_d7718
100 _aTerry, T W
245 _aFighting Vehicles, V-7
260 _bBrassey's
942 _aNUST-CAE
_k358.18 TER
999 _c244796
_d244796